MARC

LEADER 00000nam0a2200000 4500
001 358649
005 20231102011120.0
035 |a (RuTPU)RU\TPU\retro\15920 
090 |a 358649 
100 |a 20200820d1977 k y0rusy50 ca 
101 0 |a rus 
102 |a BY 
105 |a a z 001zy 
200 1 |a Математические методы при решении задач геологии Белоруссии  |e сборник научных трудов  |f Белорусский научно-исследовательский геологоразведочный институт ; под ред. Г. И. Каратьева 
210 |a Минск  |c Изд-во БНИГИ  |d 1977 
215 |a 215 с.  |c ил. 
320 |a Библиогр. в конце ст. 
606 1 |a Геология  |y Беларусь  |2 stltpush  |3 (RuTPU)RU\TPU\subj\72310  |9 85872 
610 1 |a математические методы 
610 1 |a операторы 
610 1 |a геофизические исследования 
610 1 |a прогнозирующие системы 
610 1 |a построение 
610 1 |a геологические объекты 
610 1 |a распознавание 
610 1 |a экстраполяция 
610 1 |a сейсмические построения 
675 |a 55(546)  |v 4 
702 1 |a Каратьев  |b Г. И.  |4 340 
712 0 2 |a Белорусский научно-исследовательский геологоразведочный институт  |2 stltpush  |3 (RuTPU)RU\TPU\col\7965  |9 24442 
801 1 |a RU  |b 63413507  |c 20200820 
801 2 |a RU  |b 63413507  |c 20210319  |g RCR 
942 |c BK